LEADER 00381nam 2200157z- 450 001 996693841603316 035 $a(OCoLC)60827774 035 $a(CKB)4920000005085778 035 $a(EXLCZ)994920000005085778 100 $a20251223cuuuuuuuu -u- - 101 0 $alat 200 00$a[Latin prayers] 906 $aBOOK 912 $a996693841603316 996 $aLatin prayers$92299684 997 $aUNISA